[Event "GER Cup Net Final-C U1600"]
[Site "Playchess.com INT"]
[Date "2020.06.06"]
[Round "8"]
[White "Kausche, Andre"]
[Black "Dorendorf, Mika"]
[Result "1-0"]
[WhiteElo "1577"]
[BlackElo "1501"]
[PlyCount "69"]
[EventDate "2020.06.06"]
[EventType "swiss (blitz)"]
[EventRounds "13"]
[EventCountry "GER"]
[SourceTitle "CBM 197 Extra"]
[Source "ChessBase"]
[SourceDate "2020.09.30"]
[SourceVersion "1"]
[SourceVersionDate "2020.09.30"]
[SourceQuality "1"]

1. e4 c5 2. Nf3 e6 3. c3 d5 4. exd5 exd5 5. d4 Nf6 6. Bg5 cxd4 7. Nxd4 Nc6 8. Bb5 Bd7 9. 0-0 Nxd4 10. Bxd7+ Qxd7 11. Bxf6 Nc6 12. Re1+ Ne7 13. Bxe7 Bxe7 14. Qe2 Rc8 15. Nd2 Rc7 16. Nb3 0-0 17. Rad1 Bf6 18. Qf3 Rd8 19. Nd4 Bxd4 20. Rxd4 h6 21. Red1 Rc5 22. b4 Rb5 23. a3 Qe6 24. c4 Rb6 25. Rxd5 Rxd5 26. Qxd5 Rd6 27. Qxd6 Qxc4 28. Qc5 Qb3 29. Re1 Qxa3 30. h3 Qb3 31. b5 a6 32. bxa6 bxa6 33. Qf5 Qa4 34. Rc1 g6 35. Qf6 1-0

[Event "GER Cup Net Final-C U1600"]
[Site "Playchess.com INT"]
[Date "2020.06.06"]
[Round "5"]
[White "Kausche, Andre"]
[Black "Gerhard, Dominik"]
[Result "0-1"]
[WhiteElo "1577"]
[BlackElo "1708"]
[PlyCount "104"]
[EventDate "2020.06.06"]
[EventType "swiss (blitz)"]
[EventRounds "13"]
[EventCountry "GER"]
[SourceTitle "CBM 197 Extra"]
[Source "ChessBase"]
[SourceDate "2020.09.30"]
[SourceVersion "1"]
[SourceVersionDate "2020.09.30"]
[SourceQuality "1"]

1. e4 d5 2. e5 c5 3. d4 cxd4 4. Qxd4 Nc6 5. Qa4 Bf5 6. Bb5 Qb6 7. Nf3 a6 8. Bxc6+ Qxc6 9. Qxc6+ bxc6 10. Nd4 Bd7 11. Be3 c5 12. Nf3 d4 13. Bf4 Bg4 14. Nbd2 e6 15. h3 Bh5 16. 0-0 Ne7 17. Bh2 Nd5 18. Rfe1 Be7 19. Nc4 Bxf3 20. gxf3 Rb8 21. b3 0-0 22. Re4 Nc3 23. Rg4 Rfd8 24. Kh1 d3 25. cxd3 Rxd3 26. Rag1 Bf8 27. Ne3 Nxa2 28. h4 Rdxb3 29. h5 g6 30. hxg6 hxg6 31. Bf4 Bg7 32. Kg2 Nc3 33. Ra1 R8b6 34. Nc4 R6b4 35. Nd6 Nd5 36. Kg3 Nxf4 37. Rxf4 Bxe5 38. Ne4 Bxf4+ 39. Kxf4 f5 40. Rxa6 fxe4 41. fxe4 Rb6 42. Ra7 Rb7 43. Ra6 R3b6 44. Ra5 Rc6 45. f3 Kf7 46. Kg5 c4 47. Ra1 c3 48. Rh1 Rcc7 49. Rh7+ Ke8 50. Rh8+ Kd7 51. Rh7+ Kd6 52. Rh1 c2 0-1

[Event "GER Cup Net V4 U1600"]
[Site "Playchess.com INT"]
[Date "2020.05.31"]
[Round "2"]
[White "Kausche, Andre"]
[Black "Birk, Wilfried Christoph"]
[Result "1-0"]
[WhiteElo "1565"]
[BlackElo "1459"]
[PlyCount "87"]
[EventDate "2020.05.31"]
[EventType "swiss (blitz)"]
[EventRounds "9"]
[EventCountry "GER"]
[SourceTitle "EXT 2021"]
[Source "ChessBase"]
[SourceDate "2020.10.23"]
[SourceVersion "1"]
[SourceVersionDate "2020.10.23"]
[SourceQuality "1"]

1. e4 c6 2. Nf3 d5 3. exd5 cxd5 4. d4 Nf6 5. Bd3 e6 6. 0-0 Be7 7. h3 0-0 8. Re1 Nbd7 9. c3 b6 10. Bf4 Bb7 11. Nbd2 Rc8 12. Rc1 Re8 13. Qb3 Nf8 14. Ne5 Ng6 15. Bh2 Bd6 16. Ndf3 Qc7 17. Bxg6 hxg6 18. Ng5 Rf8 19. Re2 Ne4 20. Nxe4 dxe4 21. f3 Bd5 22. Qc2 exf3 23. Nxf3 Bxh2+ 24. Nxh2 Qb7 25. Rf2 Rfe8 26. Nf3 Qc7 27. Re1 Bxf3 28. Rxf3 Red8 29. Ref1 Rf8 30. Qe4 Rce8 31. h4 Qd7 32. Qg4 f5 33. Qxg6 Qf7 34. Qxf7+ Rxf7 35. Re1 g6 36. Rfe3 Rh7 37. g3 Ree7 38. Rxe6 Rxe6 39. Rxe6 Kf8 40. Rxg6 Rg7 41. Rxg7 Kxg7 42. Kf2 Kg6 43. Kf3 Kf6 44. Kf4 1-0

[Event "GER Cup Net V4 U1600"]
[Site "Playchess.com INT"]
[Date "2020.05.31"]
[Round "9"]
[White "Kausche, Andre"]
[Black "Pottgiesser, Ulrich"]
[Result "1-0"]
[WhiteElo "1565"]
[BlackElo "1446"]
[PlyCount "101"]
[EventDate "2020.05.31"]
[EventType "swiss (blitz)"]
[EventRounds "9"]
[EventCountry "GER"]
[SourceTitle "EXT 2021"]
[Source "ChessBase"]
[SourceDate "2020.10.23"]
[SourceVersion "1"]
[SourceVersionDate "2020.10.23"]
[SourceQuality "1"]

1. e4 d5 2. e5 c5 3. d4 Bf5 4. c3 e6 5. Bd3 Bxd3 6. Qxd3 Nc6 7. Nf3 Nge7 8. Bf4 Ng6 9. Be3 c4 10. Qc2 Be7 11. Nbd2 0-0 12. h3 h6 13. 0-0 b5 14. a3 a5 15. Nh2 Qc7 16. Ng4 Bd8 17. Nxh6+ gxh6 18. Bxh6 Re8 19. Nf3 Nce7 20. h4 Nf5 21. h5 Nh8 22. Bf4 Be7 23. g4 Ng7 24. Qd2 Qd8 25. h6 Nf5 26. gxf5 exf5 27. Ng5 Bxg5 28. Bxg5 Qd7 29. f4 Qe6 30. Kf2 Ng6 31. Rh1 Kh7 32. Rag1 Rg8 33. Bf6 Ra6 34. Rg5 b4 35. Qc2 bxa3 36. bxa3 Qb6 37. Rxf5 Qb3 38. Qc1 Rb6 39. Ke3 Qb2 40. Bg5 Qxc1+ 41. Rxc1 Rb3 42. Rxf7+ Kh8 43. Bf6+ Rg7 44. hxg7+ Kg8 45. Ra7 Rxa3 46. f5 Ra2 47. fxg6 Rg2 48. e6 Rxg6 49. e7 Rg3+ 50. Kf4 Rh3 51. e8Q+ 1-0

[Event "GER Cup Net V2 U1600"]
[Site "Playchess.com INT"]
[Date "2020.05.22"]
[Round "2"]
[White "Kausche, Andre"]
[Black "Maly, Wolfgang"]
[Result "0-1"]
[WhiteElo "1428"]
[BlackElo "1260"]
[PlyCount "58"]
[EventDate "2020.05.22"]
[EventType "swiss (blitz)"]
[EventRounds "9"]
[EventCountry "GER"]
[SourceTitle "EXT 2021"]
[Source "ChessBase"]
[SourceDate "2020.10.23"]
[SourceVersion "1"]
[SourceVersionDate "2020.10.23"]
[SourceQuality "1"]

1. e4 Nc6 2. Nf3 d5 3. e5 Bg4 4. d4 e6 5. c3 g6 6. h3 Bxf3 7. Qxf3 Bg7 8. Bb5 Nge7 9. Bg5 0-0 10. Bxc6 bxc6 11. Nd2 h6 12. Bh4 g5 13. Bg3 f5 14. exf6 Rxf6 15. Qe2 Nf5 16. Be5 Rf7 17. Nf3 Bxe5 18. Nxe5 Rf6 19. Nxc6 Qd6 20. Ne5 Re8 21. Qf3 Ref8 22. Qe2 Nh4 23. Rg1 c5 24. 0-0-0 Rxf2 25. Qh5 Kh7 26. g3 cxd4 27. cxd4 Qc7+ 28. Kb1 Qc2+ 29. Ka1 Qxb2# 0-1